Jak se točí v Evropě a v Americe

Rozdiely medzi tvorbou reklám v jednotlivých krajinách sveta. Prístup k režisérovi reklamného spotu a jeho podiel na uskutočnení vízie reklamy podľa je odlišný podľa agentúry aj krajiny, v ktorej pracuje. Charakteristické znaky natáčania reklám v Európe, USA a Francúzsku. Polemika nad zachovaním nár...

Descrizione completa

Salvato in:
Dettagli Bibliografici
Autore principale: Ciznerová, Lenka
Natura: Capitolo di libro
Lingua:ceco
Soggetti:
Tags: Aggiungi Tag
Nessun Tag, puoi essere il primo ad aggiungerne!!

MARC

LEADER 00000naa a2200000 4500
001 r040136
005 20230911120608.4
041 0 |a cze 
044 |a CZ 
245 1 0 |a Jak se točí v Evropě a v Americe  |c Lenka Ciznerová 
520 |a Rozdiely medzi tvorbou reklám v jednotlivých krajinách sveta. Prístup k režisérovi reklamného spotu a jeho podiel na uskutočnení vízie reklamy podľa je odlišný podľa agentúry aj krajiny, v ktorej pracuje. Charakteristické znaky natáčania reklám v Európe, USA a Francúzsku. Polemika nad zachovaním národného rázu reklamy. 
610 2 0 |a tvorba reklamy 
610 2 0 |a reklama 
610 2 0 |a kampane reklamné 
610 2 0 |a prostriedky reklamné 
610 2 0 |a techniky reklamné 
610 2 0 |a film 
610 2 0 |a Európa 
610 2 0 |a USA 
610 2 0 |a Francúzsko 
610 2 0 |a svet 
100 1 |a Ciznerová, Lenka